000 00538nam a2200217Ia 4500
003 LK-CoDNM
005 20240322143953.0
008 010623t1957 xxu||||| |||| 00| 1 sin d
040 _aLK-CoDNM
_dLK-CoDNM
_eLK-CoDNM
041 _asin
080 _aක35
100 _aMunidasa,Hemapala
245 _aභාරත ගීතය
246 _aBhaarata Geetaya
260 _bGunadasa
_aColombo
_c1957
300 _bDamaged
_a708p., iill,18cm
650 _aBhagavad Giita
650 _aMahabharata
700 _aVyasa
942 _cBK
999 _c104519
_d104519